00673nam 22001933 4500001000700000090001100007100004100018200005000059210003900109215002800148300004700176606002900223675002900252700003400281801001800315830002900333990001100362995010600373202803 a202803 a20260630d u||y0pory50 ba aSonâmbulos amotinados predadoresfPer Johns aRio de JaneirocNordicadcop. 1980 a118 p.cbrochadod21 cm aContém dedicatória na folha de guarda  99aLiteratura Brasileira a821.134.3(81)-3vBRzpor 917665aJohnsbPer f1933-2017 aPTbBMMNgRPC cAna FalardofAna Falardo cLIVROS 002052026-06-30932612bBMMNf32323k821.134.3(81)-3 JOH|SAFo0rLIVROSuAcesso CondicionadosOferta